Bamboo Design Guide and 59 Case Study (Record no. 369413)

MARC details
000 -LEADER
fixed length control field 00431 a2200169 4500
005 - DATE AND TIME OF LATEST TRANSACTION
control field 20251218171838.0
008 - FIXED-LENGTH DATA ELEMENTS--GENERAL INFORMATION
fixed length control field 251218b |||||||| |||| 00| 0 eng d
020 ## - INTERNATIONAL STANDARD BOOK NUMBER
International Standard Book Number 9788415492818
082 ## - DEWEY DECIMAL CLASSIFICATION NUMBER
Classification number 721.04/BRO
100 ## - MAIN ENTRY--PERSONAL NAME
Author Broto E
245 ## - TITLE STATEMENT
Title Bamboo Design Guide and 59 Case Study
250 ## - EDITION STATEMENT
Edition statement 4th ed
260 ## - PUBLICATION, DISTRIBUTION, ETC.
Name of publisher, distributor, etc. Links
Date of publication, distribution, etc. 2014
Place of publication, distribution, etc. Spain
300 ## - PHYSICAL DESCRIPTION
Extent 276p
Other physical details HB
500 ## - GENERAL NOTE
Keywords Materials Used in Architecture
942 ## - ADDED ENTRY ELEMENTS (KOHA)
Koha item type Books
Holdings
Withdrawn status Lost status Source of classification or shelving scheme Damaged status Not for loan Home library Current library Date acquired Vendor Net Price Total Checkouts Full call number Barcode Date last seen Date last checked out Actual Price Bill Date Koha item type
    Dewey Decimal Classification     Dr. Bhanuben Nanavati College of Architecture Dr. Bhanuben Nanavati College of Architecture 18/12/2025 213 3716.37 2 721.04/BRO BNCA-BK-13400 06/02/2026 02/02/2026 5899.00 18/12/2025 Books